Coal tips case clarifies nuisance liability principles (Record no. 76263)
[ view plain ]
| 000 -LEADER | |
|---|---|
| fixed length control field | 01358cab a2200193 4500 |
| 001 - CONTROL NUMBER | |
| control field | ##L131736 |
| 008 - FIXED-LENGTH DATA ELEMENTS--GENERAL INFORMATION | |
| fixed length control field | 051202n2005 000 0 eng u |
| 035 ## - SYSTEM CONTROL NUMBER | |
| System control number | (Sirsi) u131736 |
| 041 0# - LANGUAGE CODE | |
| Language code of text/sound track or separate title | eng |
| 100 1# - MAIN ENTRY--PERSONAL NAME | |
| Personal name | Macrory, Richard |
| 245 ## - TITLE STATEMENT | |
| Title | Coal tips case clarifies nuisance liability principles |
| 260 ## - PUBLICATION, DISTRIBUTION, ETC. | |
| Date of publication, distribution, etc. | 2005 |
| 490 #0 - SERIES STATEMENT | |
| Series statement | ENDS Report |
| Volume/sequential designation | (370) November 2005, 52-53(2) |
| 520 ## - SUMMARY, ETC. | |
| Summary, etc. | Discusses "Anthony and others v the Coal Authority" ([2005] EWHC 1654 (QB), unreported) which contains important general principles concerning future liabilities for hazards posed by coal tips and areas such as old landfill sites and provides a valuable analysis of contemporary principles of nuisance. The judgment is relevant to anyone involved in restoring potentially hazardous sites. The key issue of dispute concerned forseeability. The judge held that the creation of a state of affairs on land that at the time carries an unforeseeable risk of damage was not actionable in nuisance but liability may change over time. Concludes that owners need to ensure in any assessment of risks that historical knowledge is not lost or overlooked, particularly that of employees and former employees. |
| 590 ## - LOCAL NOTE (RLIN) | |
| Local note | IKA061205 |
| 650 24 - SUBJECT ADDED ENTRY--TOPICAL TERM | |
| Topical term or geographic name entry element | ANTHONY V COAL AUTHORITY |
| 690 ## - LOCAL SUBJECT ADDED ENTRY--TOPICAL TERM (OCLC, RLIN) | |
| Topical term or geographic name as entry element | ENVIRONMENTAL AND LAND CONSULTANCY-WASTE MANAGEMENT-HAZARDOUS WASTE TREATMENT |
| 942 ## - ADDED ENTRY ELEMENTS (KOHA) | |
| Suppress in OPAC | 0 |
| Withdrawn status | Lost status | Source of classification or shelving scheme | Damaged status | Not for loan | Home library | Current library | Shelving location | Date acquired | Total Checkouts | Full call number | Barcode | Date last seen | Copy number | Price effective from | Koha item type |
|---|---|---|---|---|---|---|---|---|---|---|---|---|---|---|---|
| Dewey Decimal Classification | London | London | Journal article | 02/12/2005 | L131736 | 131736-1001 | 06/08/2019 | 1 | 06/08/2019 | Journal article |